Größte Gemeinden Österreichs mit "I" - Statistiken

Allgemein
  • Dieses Quiz wurde 76 mal gespielt
  • Das Durchschnittsergebnis liegt bei 5 aus 10
Antwortstatistiken
Einwohner Bezirk Gemeinde % Korrekt
10.628 Imst Imst
100%
132.110 Innsbruck Innsbruck
100%
4.137 Liezen Irdning-Donnerbachstal
73%
2.369 Neusiedl am See Illmitz
71%
1.875 Kirchdorf an der Krems Inzersdorf im Kremstal
45%
3.762 Hartberg-Fürstenfeld Ilz
41%
1.617 Landeck Ischgl
35%
3.904 Innsbruck-Land Inzing
31%
1.975 Spittal an der Drau Irschen
27%
2.153 Weiz Ilztal
16%
Keine übereinstimmenden Quizze gefunden
Verteilung der Resultate
Anzahl Personen mit jedem Resultat
Perzentil nach korrekt beantworteten Fragen
Ihre Resultats-Entwicklung
Sie haben dieses Quiz noch nicht gespielt